| 000 | 00753cam a2200217 a 4500 | ||
|---|---|---|---|
| 001 | 000015847 | ||
| 005 | 20200929164156.0 | ||
| 008 | 930506s1992 pn 000 0 spa | ||
| 020 | _a9806084896 | ||
| 040 |
_aDO-SdBNP _bspa _cBNPHU |
||
| 082 |
_a110 _bH233c |
||
| 100 | 1 |
_aHanaranda, Mulla. _935657 |
|
| 245 | 1 | 0 |
_aCábriba : _bel jardín de los dioses / _cMulla Hanaranda ; traducido al castellano y editado por Jorge A. Carrizo. |
| 260 |
_aPanamá : _bGrupo Metafísico Serapis Bey, _c1992. |
||
| 300 |
_ax, 295 p. ; _c23 cm. |
||
| 500 | _aTítulo original Cabriba. | ||
| 590 | _aLa biblioteca posee ejemplar autobiografiado por el traductor. | ||
| 650 | 4 |
_aMetafisica _919469 |
|
| 650 | 4 |
_aDioses _935658 |
|
| 700 | 1 |
_aCarrizo, Jorge A. _etr. _925974 |
|
| 999 |
_c15391 _d15391 |
||